00984 2200325 4500001002100000005001500021035002000036007000300056008004100059020002200100082001400122084001600136100003200152245010100184250002600285300003000311500001100341650003400352700003400386504003400420264003000454336002100484337003000505338002300535040002200558090002200580850001200602999002200614990002200636INLIS00000000090281920260212022137 a0010-0226000655ta260212s2025 yoi g 1 ind d a978-979-21-8456-304223a248.4 a248.4 HIR m0 aHironimus BandurePengarang10aModerasi beragama :bkatolisitas dan lokalitas /cHironimus Bandur; penyunting, V.M Murwaningsih aCetakan pertama, 2025 axxx, 278 halaman ;c23 cm aIndeks 4aKehidupan beragama (Katholik)1 aMurwaningsih, V.MePenyunting aBibliografi : halaman 243-26031aSleman :bKanisius,c2025 2rdacontentateks 2rdamediaatanpa perantara 2rdacarrieravolume aYOPDYOGbinderda aCB-D.11 2025-5129 aYOPDYOG aCB-D.11/2025-5129 aCB-D.11/2025-5129